Score 0/13 Timer 03:00
3 Plays Today
% Correct
26.9
million
96.9%
75.4
million
96.7%
76.4
million
95%
23.2
million
94%
40.7
million
92.5%
13.7
million
92.4%
24.1
million
92%
24.9
million
88.9%
38.8
million
84.8%
16.1
million
84.4%
15.9
million
76.8%
12.7
million
73.9%
25.4
million
53%
Remove Ads.
Support Sporcle.
Get the best of Sporcle when you Go Orange. This ad-free experience offers more features, more stats, and more fun while also helping to support Sporcle. Thank you for becoming a member.

You're not logged in!

Compare scores with friends on all Sporcle quizzes.
OR
Log In

Show Comments

Extras

Top Quizzes Today


Score Distribution

Your Account Isn't Verified!

In order to create a playlist on Sporcle, you need to verify the email address you used during registration. Go to your Sporcle Settings to finish the process.

Report this User

Report this user for behavior that violates our Community Guidelines.

Details: